00505nam a2200193 a 4500001001300000003000900013005001700022008004100039020001000080082001500090100001700105245006700122260004200189300000900231500003500240505001000275650000900285700001700294nice12345678IN_TiNIC20260116012727.0050524s1987 cana grp 000 0 eng  ac10000a222.7bDOU aDougan, Jean aEzra, Nehemiah, Essther, the Scholar, the Governor, the Queen. aCanadabEvery Day Publications c1987 a128p aincludes index and biblioraphy2 aIndex aEzra1 aDougan, Jean